| 000 | 01409cam a2200229 4500 | ||
|---|---|---|---|
| 001 | WB3931-20 | ||
| 008 | 030818n2003 000 0 eng u | ||
| 035 | _a(Sirsi) u123292 | ||
| 245 | _aSocial housing shortage to blame for homes crisis | ||
| 260 | _c2003 | ||
| 490 |
_aRICS Press Release _v(pr084)15 August 2003, (2) |
||
| 520 | _aIn its submission to the Barker review of housing supply, RICS has singled out the massive shortfall in social and affordable housing as the root cause of the crisis in the UK housing market. While private housing building levels have been well maintained over the last few decades, provision of social housing is now only 20% of what it was 20 years ago. The UK lags far behind the rest of Europe and currently has an average 10% or 2.5 m fewer homes than Germany, Italy and France, taking account of population size. The submission is available at http://www.rics.org/ricscms/bin/show?class=Policy&template=/includes/showpolicy.html&id=785&faculty=RICS http://www.rics.org/ricscms/bin/show?class=PressRelease&template=/includes/showpr.html&id=984&faculty=RICS | ||
| 590 | _aWB | ||
| 650 | _aHOUSING SUPPLY | ||
| 650 | _aHOUSE BUILDING | ||
| 650 | _aEUROPE | ||
| 650 | _aPRIVATE HOUSING | ||
| 650 |
_aAffordable housing _96215 |
||
| 650 | _aBARKER REVIEW OF HOUSING SUPPLY | ||
| 690 | _aPROPERTY-RESIDENTIAL PROPERTY-RESIDENTIAL PROPERTY MARKET | ||
| 942 | _n0 | ||
| 999 |
_c73236 _d73236 |
||